000 00557nam a22002057a 4500
001 22163
005 20260331113230.0
008 260331b |||||||| |||| 00| 0 spa d
041 _aING
082 _a624.164
_bH79
100 _aHowe, Malverd A.
_eAUT
245 _aRetaining-walls for earth. Including the theory of earth-pressure as developed from the ellipse of stress
260 _a :
_b ,
_c1907
300 _axii, 167 páginas :
_b ;
_c20 cm.
440 _a ;
650 _aCMM
654 _aCHU
700 _a;
942 _cLIB
_dJUS
_fJUS
_n0
_2ddc
999 _c22163
_d22163